Cry - Benson Boone - Statistics

General Stats
  • This quiz has been taken 194 times
  • The average score is 172 of 251
Answer Stats
Answer % Correct
I
94%
a
91%
cry
88%
so
87%
it
86%
And
85%
and
85%
go
84%
me
83%
to
82%
the
81%
you
81%
You
81%
ahead
80%
try
80%
life
79%
ruin
79%
on
78%
someone
78%
Im
77%
im
77%
else
76%
can
75%
up
74%
hide
73%
your
73%
elses
70%
hate
70%
my
70%
that
69%
think
69%
really
68%
tried
68%
By
67%
get
67%
of
67%
night
66%
sleep
66%
all
65%
maybe
65%
silence
65%
tired
65%
well
65%
at
64%
away
64%
in
64%
way
62%
behind
61%
mental
61%
problems
61%
stupid
61%
know
60%
wish
60%
eyelids
59%
played
59%
state
59%
through
59%
while
59%
along
57%
blaming
57%
speed
57%
badly
56%
but
56%
let
56%
welling
56%
best
55%
holding
55%
somebody
55%
dont
53%
yourself
53%
hardly
52%
oh
52%
bite
51%
burnt
51%
out
51%
nah
49%
youre
49%
Youre
49%
even
48%
letting
48%
lies
48%
when
48%
bug
45%
Hollywood
44%
only
44%
right
44%
tongue
44%
honest
43%
misunderstood
43%
more
41%
not
41%
rage
41%
been
40%
feel
40%
its
40%
keep
40%
misfit
40%
sayin
40%
time
40%
type
40%
uh
40%
whole
40%
doesn't
39%
anybody
37%
or
37%
see
37%
from
36%
Id
36%
should
36%
than
35%
things
33%
mind
32%
calm
31%
narcissistic
31%
side
31%
No matching quizzes found
Score Distribution
Percent of People with Each Score
Percentile by Number Answered
Your Score History
You have not taken this quiz